Trade unions and free labour moment in the EEC (Record no. 441669)

000 -LEADER
fixed length control field 00392cam a22001337a 4500
008 - FIXED-LENGTH DATA ELEMENTS--GENERAL INFORMATION
fixed length control field 180718b1969 xxu||||| |||| 00| 0 eng d
082 ## - DEWEY DECIMAL CLASSIFICATION NUMBER
Classification number R8x4 P759
100 ## - MAIN ENTRY--PERSONAL NAME
Personal name Beever, R . Colin
245 ## - TITLE STATEMENT
Title Trade unions and free labour moment in the EEC
Statement of responsibility, etc. by R . Colin Beever
260 ## - PUBLICATION, DISTRIBUTION, ETC.
Place of publication, distribution, etc. London
Name of publisher, distributor, etc. Chatam House
Date of publication, distribution, etc. 1969
300 ## - PHYSICAL DESCRIPTION
Extent 50p.
440 ## - SERIES STATEMENT/ADDED ENTRY--TITLE
Title European Series no. 10
650 ## - SUBJECT ADDED ENTRY--TOPICAL TERM
Topical term or geographic name entry element Labour unions - EEC
Holdings
Withdrawn status Lost status Damaged status Not for loan Permanent Location Current Location Date acquired Full call number Barcode Date last seen Price effective from Koha item type
        Indian Institute of Public Administration Indian Institute of Public Administration 2011-01-21 R8x4 P759 44466 2018-07-21 2018-07-21 Book

Powered by Koha